00730cam a2200205Mu 450000500170000000800410001702000180005803500570007604000500013304100080018310000180019124500540020926000460026330000330030949000580034250400530040065000320045365000230048565000160050820170712072332.0161123s2011 ii a fr 001 0 eng d a9781349294107 a(OCoLC)712015815z(OCoLC)821635090z(OCoLC)880750624 aCO-BoUCMbspacSandra PalaciodSandra Palacio0 aeng1 aVittori, Jodi10aTerrorist financing and resourcingcVittori, Jodi aChennai (India)bPalgrave Macmillanc2011 a241 páginasbilustraciones0 aInitiatives in strategic studies: Issues and policies aIncluye referencias bibliográficas e índices17aTerrorismo xFinanciación27aCiencias sociales 27aTerrorismo